|
|
|
|
| LEADER |
00000nam0a2200000 4500 |
| 001 |
271164 |
| 005 |
20231101234417.0 |
| 035 |
|
|
|a (RuTPU)RU\TPU\book\294345
|
| 090 |
|
|
|a 271164
|
| 100 |
|
|
|a 20141006d1987 km y0rusy50 ca
|
| 101 |
0 |
|
|a rus
|
| 102 |
|
|
|a RU
|
| 105 |
|
|
|a y z 001zy
|
| 200 |
1 |
|
|a Экономическое сотрудничество СССР со странами социализма
|f А. С. Буров
|
| 210 |
|
|
|a Москва
|c Международные отношения
|d 1987
|
| 215 |
|
|
|a 304 с.
|
| 320 |
|
|
|a Библиогр.: с. 295-301
|
| 606 |
1 |
|
|a Внешнеэкономические связи
|2 stltpush
|3 (RuTPU)RU\TPU\subj\36003
|9 57534
|
| 606 |
1 |
|
|a Экономические связи социалистических стран с развивающимися странами
|2 stltpush
|3 (RuTPU)RU\TPU\subj\26607
|
| 610 |
1 |
|
|a социалистические страны
|
| 610 |
1 |
|
|a экономическая интеграция
|
| 610 |
1 |
|
|a СЭВ
|
| 610 |
1 |
|
|a ценообразование
|
| 610 |
1 |
|
|a валютно-кредитные отношения
|
| 610 |
1 |
|
|a торговые связи
|
| 610 |
1 |
|
|a экономическая эффективность
|
| 686 |
|
|
|a У9(2)8
|v LBC/SL-A
|2 rubbk
|
| 686 |
|
|
|a У680
|v LBC/SL-A
|2 rubbk
|
| 700 |
|
1 |
|a Буров
|b А. С.
|g Александр Сергеевич
|
| 801 |
|
1 |
|a RU
|b 63413507
|c 20141006
|
| 801 |
|
2 |
|a RU
|b 63413507
|c 20161208
|g RCR
|
| 942 |
|
|
|c BK
|